| LDR | | 05737cmm u2200589 i 4500 |
| 001 | | 000000340261 |
| 003 | | EBZ |
| 005 | | 20260127111453 |
| 006 | | m d |
| 007 | | cr cnu---unuuu |
| 008 | | 240119s2024 inua o 000 0 eng |
| 010 | |
▼a 2023045159 |
| 020 | |
▼a 1684352266
▼q electronic book |
| 020 | |
▼a 9781684352258
▼q electronic book |
| 020 | |
▼a 1684352258
▼q electronic book |
| 020 | |
▼a 9781684352265
▼q (electronic bk.) |
| 020 | |
▼z 9781684352241
▼q hardcover |
| 037 | |
▼a 22573/cats4304502
▼b JSTOR |
| 037 | |
▼a B49D340B-FC87-43EF-97A1-3B933A06A496
▼b OverDrive, Inc.
▼n http://www.overdrive.com |
| 040 | |
▼a EBZ
▼b eng
▼c EBZ
▼d 248032 |
| 042 | |
▼a pcc |
| 049 | |
▼a MAIN |
| 050 | 04 |
▼a TX309
▼b .A43 2024 |
| 072 | 7 |
▼a SEL
▼x 041020
▼2 bisacsh |
| 072 | 7 |
▼a MED
▼x 078000
▼2 bisacsh |
| 072 | 7 |
▼a HOM
▼x 019000
▼2 bisacsh |
| 082 | 00 |
▼a 648/.8
▼2 23/eng/20240126 |
| 084 | |
▼a HOM019000
▼a MED078000
▼2 bisacsh |
| 100 | 1 |
▼a Albertini, Jenny,
▼e author. |
| 245 | 10 |
▼a Decluttered :
▼b mindful organizing for health, home, and beyond /
▼c Jenny Albertini, MPH ; photography by Birch Thomas. |
| 260 | |
▼a Bloomington, Indiana :
▼b Red Lightning Books,
▼c [2024] |
| 300 | |
▼a 1 online resource (ix, 155 pages) :
▼b color illustrations |
| 336 | |
▼a text
▼b txt
▼2 rdacontent |
| 337 | |
▼a computer
▼b c
▼2 rdamedia |
| 338 | |
▼a online resource
▼b cr
▼2 rdacarrier |
| 341 | 0 |
▼a textual
▼2 sapdv
▼3 EBSCOhost |
| 520 | |
▼a "Whether you have the urge to address clutter that's right in front of you, like your kitchen, or clutter that's more abstract, like the benefits program at your workplace, this book can help you figure out how all of it is related, and what steps you can take to work on them. Jenny Albertini has brought together her years of diplomatic government service, public health program design, and Master KonMarie training to share a mindful approach to shaping our time and space. Both a "how to" and a "why to" approach to minimizing the impact of life stressors on our wellbeing, this book will help you focus on the connections between your health and the environments where you spend your time-your home, your workplace, and your community. While organizing a home to make the living room look nice is great, this book will also help you explore why that makes you feel better-and what you can do with that improved sense of self. Decluttering is about so much more than just getting rid of things. When we make purposeful choices about what we want to live with, we also set intentions for how we want to live. This book is for people who are ready to live with less overwhelm in their relationships, their home, their workplace, and their society"--
▼c Provided by publisher. |
| 520 | |
▼a "Have you ever wondered why you can't summon the energy to declutter those piles of clothes on the floor? Do you wish you knew what policies your workplace could offer so everyone can think more clearly and feel better at work? Or maybe you've felt confused about which ideas even deserve your attention right now? You're not alone. And if you are ready for a change, this book is for you.Coming from a public health expert who spent over two decades designing health initiatives around the world, Decluttered is a mindful exploration of how and why clutter manifests in our lives-and what we can do about it. Jenny Albertini invites readers to explore decluttering from personal and empathetic angles while acknowledging how clutter does not only manifest as "stuff" in our homes, but also in our relationships and in our everyday lives. Blending stories and science with writing prompts and creativity exercises, this book will motivate readers to examine their relationship to their surroundings while reducing clutter for their health, in their homes, in their workplaces, and beyond. Jenny shares her own transformative journey of working in clinics in Africa and training under Marie Kondo, along with inspirational moments with clients from her years as professional organizer. Decluttered will leave its readers feeling: Enlightened about underlying health issues related to clutter; Aware of what to prioritize for their decluttering journey; and Ready to take tangible steps that improve their work lives, home environments, and relationships.A refreshing addition to the well-being and home genres, Decluttered helps to reduce shame and supports readers to transform their cluttered lives and spaces into foundations for healthy, balanced and intentional living.Welcome to your world, decluttered"--
▼c Provided by publisher. |
| 532 | 0 |
▼3 EBSCOhost
▼a "EBSCO evaluates our products based on the Web Content Accessibility Guidelines (WCAG) and the related Section 508 and EN 301 549 regulations in the US and EU. Most EBSCO products are substantially conformant with WCAG 2.2 level AA." Source: https://connect.ebsco.com/s/article/EBSCO-VPATs?language=en_US. Last accessed April 22, 2025. |
| 588 | |
▼a Description based on online resource; title from digital title page (viewed on March 22, 2024). |
| 590 | |
▼a Added to collection customer.56279.3 |
| 650 | 0 |
▼a Storage in the home. |
| 650 | 0 |
▼a House cleaning. |
| 650 | 0 |
▼a Orderliness. |
| 650 | 0 |
▼a Home economics. |
| 650 | 7 |
▼a HOUSE & HOME / Cleaning, Caretaking & Organizing.
▼2 bisacsh |
| 650 | 7 |
▼a MEDICAL / Public Health.
▼2 bisacsh |
| 650 | 7 |
▼a SELF-HELP / Compulsive Behavior / Hoarding
▼2 bisacsh |
| 700 | 1 |
▼a Thomas, Birch,
▼e photographer. |
| 776 | 08 |
▼i Print version:
▼a Albertini, Jenny.
▼t Decluttered
▼d Bloomington, Indiana, USA : Red Lightning Books, [2024]
▼z 9781684352241
▼w (DLC) 2023045158 |
| 856 | 40 |
▼3 EBSCOhost
▼u https://search.ebscohost.com/login.aspx?direct=true&scope=site&db=nlebk&db=nlabk&AN=3837884 |
| 938 | |
▼a EBSCOhost
▼b EBSC
▼n 3837884 |
| 990 | |
▼a 관리자 |